Capitales de provincia españolas a mayor altitud - Estadísticas

Estadísticas generales
  • Esta prueba ha sido intentada 2.232 veces
  • La puntuación promedio es 12 de 15
Estadísticas de respuestas
Altura Ciudad % Correcto
670 m Madrid
96%
890 m Burgos
85%
825 m León
85%
1 100 m Ávila
83%
840 m Salamanca
83%
700 m Valladolid
83%
1 005 m Segovia
82%
1 080 m Soria
81%
750 m Palencia
80%
920 m Teruel
77%
650 m Zamora
77%
950 m Cuenca
75%
710 m Guadalajara
75%
680 m Albacete
69%
740 m Granada
66%
No se encontraron pruebas coincidentes
Distribución de puntuación
Porcentaje de gente con cada puntuación
Porcentaje por número respondido
Historial de tus puntuaciones
No has intentado esta prueba.